00748nam a2200193Ia 4500003000900000008004100009020001800050040001600068080002200084111009900106245013400205260004200339300001600381490002600397500005400423650001700477700002300494710003700517IN-BaIIA211028s9999 xx 000 0 eng d a90-277-0180-6 cIIA Library a082.2:52bIAU-S42 aInternational Astronomical Union Symposiumn42thcSt. Andrews, Fife, Scotlandd1970 Aug. 11-13 0aWhite dwarfsbproceedings of IAU symposium no. 42, held at St. Andrews, Fife, Scotland, 11-13 August 1970cedited by W. J. Luyten aDordrechtbD. Reidel Publishingc1971 aviii, 164p. aIAU Symposium; no. 42 aSponsored by the International Astronomical Union aWhite dwarfs aLuyten, W. J., ed. aInternational Astronomical Union